[Event "GER-ch Rapid (Women)"]
[Site "Dinkelsbuehl"]
[Date "2023.11.11"]
[Round "3"]
[White "Muedder, Melanie"]
[Black "Gheng, Simona"]
[Result "0-1"]
[WhiteElo "1813"]
[BlackElo "1986"]
[PlyCount "88"]
[EventDate "2023.11.11"]
[EventType "swiss (rapid)"]
[EventRounds "9"]
[EventCountry "GER"]
[SourceTitle "CB47_2023"]
[SourceDate "2023.11.22"]
[SourceVersion "1"]
[SourceVersionDate "2023.11.22"]
[SourceQuality "1"]

1. e4 c5 2. Nf3 d6 3. d4 cxd4 4. Nxd4 Nf6 5. Nc3 g6 6. Bc4 Bg7 7. 0-0 0-0 8. Re1 Nc6 9. Nb3 a6 10. Bf1 b5 11. a4 b4 12. Nd5 Bb7 13. a5 Nd7 14. Qd2 Nc5 15. Nxb4 Nxb3 16. cxb3 Nxa5 17. Qd3 Qb6 18. Bd2 Bxb2 19. Ra2 Bd4 20. Nd5 Bxf2+ 21. Kh1 Bxd5 22. Bxa5 Qc5 23. Qxd5 Bxe1 24. Qxc5 dxc5 25. Bb4 Bd2 26. Bxd2 Rfd8 27. Be1 Rd2 28. Kg1 Rd1 29. Kf2 Rb1 30. Bc4 Kg7 31. Bc3+ f6 32. Bd5 Ra7 33. Ra5 Rc7 34. Rxa6 Rc1 35. Ba5 Rc2+ 36. Kf3 Rd7 37. Rc6 Ra7 38. Bb6 Rc3+ 39. Kg4 h5+ 40. Kh4 Kh6 41. g3 g5+ 42. Kh3 g4+ 43. Kh4 Ra2 44. h3 Rh2 0-1

[Event "GER-chT Federal Cup (Women)"]
[Site "Braunfels"]
[Date "2022.06.17"]
[Round "3.5"]
[White "Gheng, Simona"]
[Black "Ciolacu, Alessia Mihaela"]
[Result "1-0"]
[WhiteElo "1944"]
[BlackElo "2198"]
[PlyCount "73"]
[EventDate "2022.06.15"]
[EventType "team-swiss"]
[EventRounds "5"]
[EventCountry "GER"]
[SourceTitle "EXT 2023"]
[Source "ChessBase"]
[SourceDate "2022.10.05"]
[SourceVersion "1"]
[SourceVersionDate "2022.10.05"]
[SourceQuality "1"]

1. e4 e5 2. Nf3 Nc6 3. Bb5 a6 4. Ba4 Nf6 5. d3 d6 6. c3 g6 7. 0-0 Bg7 8. Nbd2 0-0 9. Re1 b5 10. Bc2 Bb7 11. Nf1 d5 12. Bg5 h6 13. Bh4 Re8 14. Ne3 d4 15. Nd5 g5 16. Nxf6+ Bxf6 17. Bg3 Bc8 18. h3 g4 19. Nh2 gxh3 20. Qh5 Bg5 21. gxh3 Qf6 22. Ng4 Bxg4 23. Qxg4 Kh8 24. Bb3 Rad8 25. Rad1 Na5 26. Kh2 Bf4 27. Bxf4 exf4 28. e5 Rxe5 29. Rxe5 Qxe5 30. Bxf7 Qf6 31. Be6 Nc6 32. Qf5 Qh4 33. Rg1 Qe7 34. Rg6 Qf8 35. Rg8+ Qxg8 36. Bxg8 Kxg8 37. Qe6+ 1-0

[Event "GER-chT Federal Cup (Women)"]
[Site "Braunfels"]
[Date "2021.10.24"]
[Round "5.18"]
[White "Gheng, Simona"]
[Black "Gressmann, Hanna"]
[Result "1-0"]
[WhiteElo "1927"]
[BlackElo "1900"]
[PlyCount "115"]
[EventDate "2021.10.19"]
[EventType "team-tourn"]
[EventRounds "5"]
[EventCountry "GER"]
[SourceTitle "CBM 204 Extra"]
[Source "ChessBase"]
[SourceDate "2021.11.30"]
[SourceVersion "1"]
[SourceVersionDate "2021.11.30"]
[SourceQuality "1"]

1. e4 d6 2. d4 Nf6 3. Nd2 Nbd7 4. Ngf3 e5 5. Bc4 Be7 6. 0-0 c6 7. c3 h6 8. Bb3 Qc7 9. Re1 Nf8 10. Nf1 g5 11. Ng3 g4 12. dxe5 dxe5 13. Nh4 h5 14. Ngf5 Bxf5 15. Nxf5 Ne6 16. Bxe6 fxe6 17. Nxe7 Qxe7 18. Bg5 Rg8 19. Bxf6 Qxf6 20. Qe2 0-0-0 21. Rad1 Rxd1 22. Rxd1 Rd8 23. g3 Rxd1+ 24. Qxd1 Kc7 25. h3 Qg6 26. hxg4 hxg4 27. Qe2 Qg5 28. Kg2 Qh5 29. Qe3 Qh7 30. a4 b6 31. b4 Kb7 32. Qe2 Qh3+ 33. Kg1 Qh6 34. Qd1 Qg7 35. Qd6 Qg5 36. Qd7+ Kb8 37. Qxc6 Qc1+ 38. Kg2 Qd1 39. Qe8+ Kb7 40. Qe7+ Kb8 41. Qf6 Kb7 42. Qxe5 Qf3+ 43. Kg1 Qd1+ 44. Kh2 Qc2 45. Kg2 Qd3 46. Qg7+ Kb8 47. Qxg4 Qxc3 48. Qxe6 Qxb4 49. Qc6 Qd4 50. f4 Qb2+ 51. Kf3 Qb3+ 52. Kg4 Qg8+ 53. Kh4 Qh8+ 54. Kg5 Qg7+ 55. Qg6 Qe7+ 56. Qf6 Qc5+ 57. Qe5+ Qxe5+ 58. fxe5 1-0

[Event "GER-ch rapid (Women) 46th"]
[Site "Plochingen"]
[Date "2020.09.20"]
[Round "8"]
[White "Gheng, Simona"]
[Black "Hoolt, Sarah"]
[Result "1-0"]
[WhiteElo "2014"]
[BlackElo "2327"]
[PlyCount "87"]
[EventDate "2020.09.19"]
[EventType "swiss (rapid)"]
[EventRounds "9"]
[EventCountry "GER"]
[SourceTitle "CBM 198 Extra"]
[Source "ChessBase"]
[SourceDate "2020.11.30"]
[SourceVersion "1"]
[SourceVersionDate "2020.11.30"]
[SourceQuality "1"]

1. e4 e6 2. d4 d5 3. Nd2 Be7 4. c3 c5 5. exd5 Qxd5 6. Ngf3 Nf6 7. Bc4 Qh5 8. Nf1 cxd4 9. Ng3 Qc5 10. Qxd4 Nc6 11. Qxc5 Bxc5 12. 0-0 0-0 13. Bg5 h6 14. Bxf6 gxf6 15. Ne4 Be7 16. Rad1 Na5 17. Bb5 a6 18. Be2 e5 19. Nd6 Be6 20. b4 Rfd8 21. Ne4 Nc4 22. Rfe1 Rac8 23. Rxd8+ Rxd8 24. h3 a5 25. g4 Ra8 26. Bxc4 Bxc4 27. a3 Rd8 28. bxa5 h5 29. Nh4 hxg4 30. Nf5 Kf8 31. hxg4 Be6 32. Rb1 Bd5 33. f3 Ra8 34. Nxe7 Kxe7 35. Rb5 Bc6 36. Rc5 Rg8 37. Kf2 Bxe4 38. fxe4 Rxg4 39. Rc7+ Ke6 40. Rxb7 Rxe4 41. Rb6+ Kf5 42. Rb4 Rxb4 43. cxb4 Ke6 44. a6 1-0

[Event "Satu Mare Szabo Memorial"]
[Site "Satu Mare"]
[Date "2019.08.06"]
[Round "6"]
[White "Gheng, Simona"]
[Black "Marchis, Arghil"]
[Result "1-0"]
[WhiteElo "2058"]
[BlackElo "1848"]
[PlyCount "167"]
[EventDate "2019.08.02"]
[EventType "swiss"]
[EventRounds "9"]
[EventCountry "ROU"]
[SourceTitle "CBM 191 Extra"]
[Source "ChessBase"]
[SourceDate "2019.09.30"]
[SourceVersion "1"]
[SourceVersionDate "2019.09.30"]
[SourceQuality "1"]

1. e4 c6 2. d4 d5 3. exd5 cxd5 4. Nf3 a6 5. c3 Nc6 6. Nbd2 Nf6 7. Bd3 e6 8. Ne5 Nxe5 9. dxe5 Nd7 10. Nf3 Be7 11. 0-0 h6 12. Re1 Nb8 13. Qa4+ Nc6 14. Qg4 Bf8 15. Be3 Qc7 16. Bd4 Bd7 17. Qh5 Be7 18. Rad1 Nxd4 19. Nxd4 Qb6 20. Qe2 Rc8 21. g3 g6 22. Rd2 0-0 23. Qg4 Kg7 24. h4 h5 25. Qe2 Rh8 26. f4 Bc5 27. Bb1 Bxd4+ 28. Rxd4 Rc4 29. Red1 Rhc8 30. Qf2 Qc7 31. a3 Rc5 32. Ba2 b5 33. Qe3 Qd8 34. Qe2 Qe7 35. Qe3 f6 36. Kg2 f5 37. R1d3 R5c7 38. Kf2 a5 39. Qd2 Bc6 40. Qe3 Kh6 41. Rd2 Bb7 42. Bb1 Qc5 43. Bd3 Qb6 44. Kf3 Kg7 45. Qe2 b4 46. axb4 axb4 47. Rxb4 d4+ 48. Kf2 Qc5 49. Rxd4 Qc6 50. Ke1 Ra8 51. Bb5 Ra1+ 52. Rd1 Qh1+ 53. Qf1 Rxd1+ 54. Rxd1 Qe4+ 55. Qe2 Qh1+ 56. Kd2 Qd5+ 57. Qd3 Qg2+ 58. Kc1 Be4 59. Qd2 Qxg3 60. Rf1 Ra7 61. Qf2 Ra1+ 62. Kd2 Qxf2+ 63. Rxf2 Rh1 64. c4 Rxh4 65. c5 Rh3 66. Bc4 Kf7 67. Rf1 Rh2+ 68. Kc3 h4 69. b4 h3 70. b5 Rg2 71. Ra1 h2 72. Ra7+ Ke8 73. Rh7 Rc2+ 74. Kb3 Rxc4 75. Kxc4 h1Q 76. Rxh1 Bxh1 77. c6 Kd8 78. Kc5 Kc7 79. b6+ Kc8 80. Kd6 Kb8 81. Kd7 Bxc6+ 82. Kxc6 Kc8 83. b7+ Kb8 84. Kb6 1-0

[Event "Satu Mare Szabo Memorial"]
[Site "Satu Mare"]
[Date "2019.08.04"]
[Round "4"]
[White "Gheng, Simona"]
[Black "Veklinec, Andrei"]
[Result "1-0"]
[WhiteElo "2058"]
[BlackElo "1846"]
[PlyCount "127"]
[EventDate "2019.08.02"]
[EventType "swiss"]
[EventRounds "9"]
[EventCountry "ROU"]
[SourceTitle "CBM 191 Extra"]
[Source "ChessBase"]
[SourceDate "2019.09.30"]
[SourceVersion "1"]
[SourceVersionDate "2019.09.30"]
[SourceQuality "1"]

1. e4 c5 2. Nf3 d6 3. d4 cxd4 4. Nxd4 Nf6 5. Nc3 a6 6. a4 b6 7. Bc4 e6 8. 0-0 Be7 9. Qf3 Qc7 10. Bb3 0-0 11. Qg3 Kh8 12. Be3 Nc6 13. f4 Bb7 14. Rae1 Nd7 15. Bxe6 Nxd4 16. Bxd4 Bf6 17. Bxf6 Nxf6 18. Bb3 Rad8 19. h3 b5 20. axb5 axb5 21. Kh2 b4 22. Nd5 Bxd5 23. exd5 Rde8 24. Qd3 h5 25. Ba4 Rxe1 26. Rxe1 Qc5 27. Bc6 h4 28. f5 Kg8 29. Re2 Rb8 30. Qe3 Qc4 31. b3 Qa6 32. Qf2 Rf8 33. Re1 Qa2 34. Qe2 Qa7 35. Qe3 Qa2 36. Qd3 Qa5 37. Qd4 Rb8 38. Ra1 Qc5 39. Qxc5 dxc5 40. d6 Kf8 41. Ra5 Rd8 42. d7 Nxd7 43. Bxd7 Rxd7 44. Rxc5 Rd4 45. Rc7 Rf4 46. Rb7 Kg8 47. Kg1 f6 48. g3 hxg3 49. Kg2 Rxf5 50. Rxb4 Rf2+ 51. Kxg3 Rxc2 52. Rb7 Kh7 53. b4 Kg6 54. b5 Rb2 55. b6 Kf5 56. h4 Rb3+ 57. Kf2 g6 58. Rb8 Kf4 59. Ke2 Kg4 60. b7 f5 61. h5 Rb2+ 62. Kd3 f4 63. hxg6 Rb6 64. g7 1-0

[Event "GER-ch blitz (Women)"]
[Site "Magdeburg"]
[Date "2019.05.25"]
[Round "14"]
[White "Kreismann, Franziska"]
[Black "Gheng, Simona"]
[Result "1/2-1/2"]
[WhiteElo "1589"]
[BlackElo "1991"]
[PlyCount "64"]
[EventDate "2019.05.25"]
[EventType "tourn (blitz)"]
[EventRounds "29"]
[EventCountry "GER"]
[SourceTitle "CBM 190 Extra"]
[Source "ChessBase"]
[SourceDate "2019.07.15"]
[SourceVersion "1"]
[SourceVersionDate "2019.07.15"]
[SourceQuality "1"]

1. d4 d5 2. c4 e6 3. Nc3 Nf6 4. Nf3 b6 5. Bg5 Be7 6. e3 Bb7 7. Bd3 0-0 8. cxd5 exd5 9. 0-0 h6 10. Bxf6 Bxf6 11. Re1 Nd7 12. Bc2 Rc8 13. Qd3 g6 14. g3 Bg7 15. h4 Nf6 16. Nh2 c5 17. dxc5 bxc5 18. Rad1 c4 19. Qe2 Qb6 20. Bb1 Rfd8 21. Nf3 Ne4 22. Nxe4 dxe4 23. Rxd8+ Rxd8 24. Nd4 Bxd4 25. exd4 Qxd4 26. Bxe4 Bxe4 27. Qxe4 Qxb2 28. Qxc4 Qd2 29. Re2 Qd1+ 30. Kg2 Qd5+ 31. Qxd5 Rxd5 32. Re8+ Kg7 1/2-1/2

[Event "GER-ch blitz (Women)"]
[Site "Magdeburg"]
[Date "2019.05.25"]
[Round "20"]
[White "Siegl, Melina"]
[Black "Gheng, Simona"]
[Result "1-0"]
[WhiteElo "2029"]
[BlackElo "1991"]
[PlyCount "55"]
[EventDate "2019.05.25"]
[EventType "tourn (blitz)"]
[EventRounds "29"]
[EventCountry "GER"]
[SourceTitle "CBM 190 Extra"]
[Source "ChessBase"]
[SourceDate "2019.07.15"]
[SourceVersion "1"]
[SourceVersionDate "2019.07.15"]
[SourceQuality "1"]

1. e4 c5 2. Nf3 d6 3. d3 Nf6 4. g3 g6 5. Bg2 Bg7 6. c3 0-0 7. 0-0 Nc6 8. Be3 a6 9. Re1 Bg4 10. h3 Bd7 11. Qd2 Rb8 12. Bh6 b5 13. Bxg7 Kxg7 14. d4 cxd4 15. cxd4 Qc8 16. Kh2 Qc7 17. Nc3 b4 18. Nd5 Qa7 19. Rad1 h5 20. Nxf6 Kxf6 21. Qh6 Rh8 22. e5+ dxe5 23. dxe5+ Nxe5 24. Qg5+ Kg7 25. Qxe5+ Kh7 26. Qxe7 Rb7 27. Ng5+ Kh6 28. Nxf7+ 1-0

[Event "Miercurea Ciuc Bancpost op 21th"]
[Site "Miercurea Ciuc"]
[Date "2018.08.22"]
[Round "6"]
[White "Gheng, Simona"]
[Black "Gombocz, Zsofia"]
[Result "1/2-1/2"]
[WhiteElo "1997"]
[BlackElo "1978"]
[PlyCount "86"]
[EventDate "2018.08.17"]
[EventType "swiss"]
[EventRounds "7"]
[EventCountry "ROU"]
[SourceTitle "CBM 189 Extra"]
[Source "ChessBase"]
[SourceDate "2019.06.03"]
[SourceVersion "1"]
[SourceVersionDate "2019.06.03"]
[SourceQuality "1"]

1. e4 e5 2. Nf3 Nc6 3. Bb5 a6 4. Ba4 Nf6 5. d3 b5 6. Bb3 Be7 7. c3 d6 8. Nbd2 0-0 9. 0-0 Na5 10. Bc2 c5 11. Re1 Re8 12. Nf1 Nc6 13. Ng3 h6 14. h3 Bf8 15. Nh2 d5 16. Nh5 d4 17. Qf3 Nxh5 18. Qxh5 c4 19. Rd1 Qb6 20. a4 Be6 21. Ng4 Rad8 22. Qh4 Bxg4 23. Qxg4 Re6 24. Qe2 Na5 25. axb5 axb5 26. Bd2 cxd3 27. Qxd3 Nc4 28. Bc1 Red6 29. cxd4 Rxd4 30. Qe2 Rxd1+ 31. Bxd1 Bc5 32. Bb3 Rd6 33. Kf1 Bxf2 34. Bxc4 Rf6 35. Bg5 hxg5 36. Ra8+ Kh7 37. Qh5+ Rh6 38. Qxf7 bxc4 39. Qg8+ Kg6 40. Qe8+ Kh7 41. Qg8+ Kg6 42. Qe8+ Kh7 43. Qg8+ Kg6 1/2-1/2

[Event "Miercurea Ciuc Bancpost op 21th"]
[Site "Miercurea Ciuc"]
[Date "2018.08.21"]
[Round "5"]
[White "Baratosi, Daniel"]
[Black "Gheng, Simona"]
[Result "1-0"]
[WhiteElo "2371"]
[BlackElo "1997"]
[PlyCount "223"]
[EventDate "2018.08.17"]
[EventType "swiss"]
[EventRounds "7"]
[EventCountry "ROU"]
[SourceTitle "CBM 189 Extra"]
[Source "ChessBase"]
[SourceDate "2019.06.03"]
[SourceVersion "1"]
[SourceVersionDate "2019.06.03"]
[SourceQuality "1"]

1. e4 c5 2. Nc3 d6 3. f4 Nc6 4. Nf3 g6 5. Bb5 Bd7 6. 0-0 Bg7 7. Bc4 e6 8. Nb5 Bc8 9. d4 a6 10. d5 axb5 11. Bxb5 Nge7 12. dxc6 bxc6 13. Be2 0-0 14. e5 d5 15. c4 Ba6 16. b3 h5 17. Be3 Qa5 18. Qe1 Qxe1 19. Rfxe1 d4 20. Bd2 Nc8 21. Ng5 Rd8 22. Bd3 Bb7 23. Re2 Bf8 24. g3 Be7 25. Ne4 Kg7 26. h3 Nb6 27. g4 hxg4 28. hxg4 Rh8 29. Rh2 Ba6 30. g5 Nd5 31. a3 Rxh2 32. Kxh2 Rd8 33. Kg3 Rb8 34. Bc2 Nb6 35. Bd3 Nd7 36. Rb1 Nb6 37. Nf2 Nd7 38. a4 Bd8 39. Be4 Rc8 40. Nd3 Be7 41. Bc1 Bb7 42. Ba3 Ba6 43. Kf2 Bb7 44. Ke2 Rb8 45. Kd2 Rc8 46. Rh1 Ba8 47. Kc2 Rb8 48. Rh3 Rc8 49. Bg2 Bb7 50. Nf2 Ra8 51. Ne4 Rb8 52. Nf6 Bxf6 53. gxf6+ Kg8 54. Be4 Ra8 55. Kd1 Rb8 56. Ke2 Ba8 57. Bc2 Rb7 58. Kf2 Rb8 59. Be4 Rb6 60. Ke1 Rb8 61. Kd1 Bb7 62. Kc1 Ba8 63. Kb1 Bb7 64. Ka2 Ra8 65. Bd3 Ra7 66. Bc1 Nf8 67. Rh2 Ra8 68. Bd2 Ba6 69. Be1 Rb8 70. Ka3 Nd7 71. Rb2 Ra8 72. Be4 Rc8 73. Ba5 Bb7 74. Rg2 Kh7 75. Be1 Nf8 76. a5 Kg8 77. b4 Ba6 78. Bd3 cxb4+ 79. Bxb4 c5 80. Be1 Rb8 81. Rh2 Ra8 82. Rb2 Nd7 83. Ka2 Rb8 84. Rg2 Nf8 85. Rg1 Rb7 86. Bd2 Rb8 87. Rc1 Nd7 88. Be4 Rc8 89. Ka3 Nf8 90. Rc2 Nd7 91. Be1 Nf8 92. Bh4 Nd7 93. Bg5 Nf8 94. Bh6 Nh7 95. Rb2 Bxc4 96. Rb6 Nf8 97. a6 Bd5 98. Bxd5 exd5 99. Bxf8 d3 100. Kb2 c4 101. Bb4 d4 102. Bd2 c3+ 103. Kc1 Ra8 104. Rd6 Kh7 105. Be1 g5 106. f5 g4 107. Rxd4 d2+ 108. Bxd2 cxd2+ 109. Kxd2 Rxa6 110. Rxg4 Ra5 111. e6 fxe6 112. fxe6 1-0

[Event "Arad op 10th"]
[Site "Arad"]
[Date "2017.08.07"]
[Round "3"]
[White "Gheng, Simona"]
[Black "Takacs, Laszlo"]
[Result "0-1"]
[WhiteElo "2041"]
[BlackElo "2229"]
[PlyCount "82"]
[EventDate "2017.08.06"]
[EventType "swiss"]
[EventRounds "9"]
[EventCountry "ROU"]
[SourceTitle "CBM 179 Extra"]
[Source "ChessBase"]
[SourceDate "2017.08.23"]
[SourceVersion "1"]
[SourceVersionDate "2017.08.23"]
[SourceQuality "1"]

1. e4 c5 2. c4 Nc6 3. Nc3 g6 4. g3 Bg7 5. Bg2 d6 6. Nge2 Nf6 7. d3 0-0 8. 0-0 a6 9. f4 Rb8 10. Rb1 Ne8 11. a4 Nc7 12. Nd5 Bg4 13. Bf3 Bxf3 14. Rxf3 b5 15. axb5 axb5 16. b3 bxc4 17. dxc4 Ne6 18. Rd3 Ned4 19. Nxd4 Bxd4+ 20. Be3 e6 21. Nc3 Nb4 22. Rxd4 cxd4 23. Bxd4 Nc6 24. Bf2 Rb7 25. Qf3 e5 26. Nb5 Qe7 27. f5 f6 28. Qd3 Nd4 29. Bxd4 exd4 30. Nxd4 Qe5 31. Ne6 Ra8 32. Nd4 Re7 33. Ne6 Ra2 34. Rd1 Qb2 35. Qf3 Qxh2+ 36. Kf1 Rea7 37. Nd4 Ra1 38. fxg6 hxg6 39. Qg4 Rxd1+ 40. Qxd1 Qh1+ 41. Ke2 Ra2+ 0-1